| 000 | 01437cam a22001934a 4500 | ||
|---|---|---|---|
| 005 | 20250605163314.0 | ||
| 008 | 250528s ||||||||||||||||||||||||d | ||
| 035 | _a16471 | ||
| 020 | _a391003402 | ||
| 040 |
_aGR-AtMCL _bgre _dGR-AtMCL _eAACR2 |
||
| 245 | 1 | _aMid-Twentieth Century American Philosophy / Personal Statements | |
| 260 |
_bHumanities Press, _c1974 |
||
| 300 | _a256 | ||
| 505 | 0 | _aPreface, Biographical Notes, On Learning to Believe in Persons, Rationalism in Ethics and Religion, In Defense of Scepticism, Culturology as the Search for Convergence, Unfinishable Business, Toward a Philosophy of Philosophy, No Pot of Message, Philosophy After Fifty Years, Reason and Commitment, Ideals in Retrospect, Forty Years After: A Clarification of Outlook, Ethics for Fellows in the Fate of Existence, Confessions of Faith, The World I Live in, The Philosophic Quest, Index. | |
| 520 | _aPreface, Biographical Notes, On Learning to Believe in Persons, Rationalism in Ethics and Religion, In Defense of Scepticism, Culturology as the Search for Convergence, Unfinishable Business, Toward a Philosophy of Philosophy, No Pot of Message, Philosophy After Fifty Years, Reason and Commitment, Ideals in Retrospect, Forty Years After: A Clarification of Outlook, Ethics for Fellows in the Fate of Existence, Confessions of Faith, The World I Live in, The Philosophic Quest, Index. | ||
| 942 | _cBK | ||
| 999 |
_c1968 _d1968 |
||